00687nam a2200205Ia 4500008004100000020001700041040001400058082002200072100002000094245004300114250001000157260003500167300001400202365002800216366000800244505002000252620012300272630004300395730004300438100315s9999 xx 000 0 und d a818719796X  cENGLISH  b5008 a346.096  a"Sethna, M.J. " aLaw Relating to Negotiable Instruments a7th  aNew Delhi bOrient  c2005  a1296p.   eRupees d1 b850.00  f0  gTushar Jadhav  a"Of Notes, Bills & Cheques, Parties To Notes, Bills & Cheques, Of Negotiation, Of Presentment, Of Payment & Intrest " aLaw Relating to Negotiable Instruments aLaw Relating to Negotiable Instruments